[Event "SLO-chT (Women) 16th"]
[Site "Ljubljana"]
[Date "2006.07.06"]
[Round "6"]
[White "Rozic, Vesna"]
[Black "Bukovec, Tina"]
[Result "1/2-1/2"]
[WhiteElo "2252"]
[BlackElo "1904"]
[PlyCount "110"]
[EventDate "2006.07.03"]
[EventType "team"]
[EventRounds "9"]
[EventCountry "SLO"]
[SourceTitle "EXT 2008"]
[Source "ChessBase"]
[SourceDate "2007.11.25"]
[SourceVersion "1"]
[SourceVersionDate "2007.11.25"]
[SourceQuality "1"]

1. d4 Nf6 2. Nf3 g6 3. Bg5 Bg7 4. Nbd2 d6 5. e4 Nbd7 6. c3 0-0 7. Be2 c5 8. 0-0 h6 9. Bh4 Nh5 10. Bg3 Nxg3 11. hxg3 Rb8 12. a4 b6 13. Bd3 Bb7 14. Qe2 Qc7 15. d5 Rbc8 16. Nc4 Rfe8 17. Ne3 Nf6 18. Bb5 Red8 19. Nd2 e6 20. Qd3 exd5 21. exd5 Nd7 22. f4 Re8 23. Nec4 Re7 24. Rae1 Rce8 25. Rxe7 Rxe7 26. a5 Nf6 27. axb6 axb6 28. Ne3 c4 29. Bxc4 Qc5 30. Rf3 b5 31. Bb3 Ng4 32. Ndf1 b4 33. cxb4 Qb6 34. Kh1 Ba6 35. Qd2 Nf6 36. Bc4 Ne4 37. Qe1 Bxb2 38. Bxa6 Qxa6 39. Nc2 Bc3 40. Qd1 Qb6 41. Nfe3 Bxb4 42. Nxb4 Qxb4 43. Kh2 Qc5 44. Qc2 Nf6 45. Qxc5 dxc5 46. Nc4 Nxd5 47. Rd3 Nf6 48. Ne5 h5 49. Rd8+ Re8 50. Rd6 Ne4 51. Rc6 Rd8 52. Rc7 Rf8 53. Nd7 Rd8 54. Nxc5 Nxc5 55. Rxc5 Rd6 1/2-1/2

[Event "SLO-chT (Women) 16th"]
[Site "Ljubljana"]
[Date "2006.07.05"]
[Round "4"]
[White "Korosec, Lara"]
[Black "Bukovec, Tina"]
[Result "0-1"]
[WhiteElo "1537"]
[BlackElo "1904"]
[PlyCount "132"]
[EventDate "2006.07.03"]
[EventType "team"]
[EventRounds "9"]
[EventCountry "SLO"]
[SourceTitle "EXT 2008"]
[Source "ChessBase"]
[SourceDate "2007.11.25"]
[SourceVersion "1"]
[SourceVersionDate "2007.11.25"]
[SourceQuality "1"]

1. e4 c5 2. Nf3 Nc6 3. d4 cxd4 4. Nxd4 g6 5. Be2 Bg7 6. Nb3 Nf6 7. Nc3 0-0 8. 0-0 d6 9. Kh1 a6 10. a4 Rb8 11. f4 Be6 12. Bf3 Nd7 13. Nd5 Nb6 14. Re1 Nc4 15. c3 b5 16. Nd2 Re8 17. h3 N6a5 18. Nb3 Nc6 19. Nd2 Qc8 20. Rb1 N6a5 21. Nb3 Bd7 22. axb5 Nxb3 23. Qxb3 Rxb5 24. Qa2 Rb8 25. Be2 Bb5 26. Nb4 e6 27. b3 Bxc3 28. bxc4 Bxc4 29. Bxc4 Bxe1 30. Bxa6 Qc3 31. Nc2 Ra8 32. Rb3 Qc6 33. Ra3 Bb4 34. Bb5 Rxa3 35. Bxa3 Qxb5 36. Nxb4 Qf1+ 37. Kh2 Qxf4+ 38. g3 Qxe4 39. Qd2 d5 40. Bb2 Rc8 41. Bf6 Qf3 42. Qb2 Rb8 43. Bh8 f6 44. Bxf6 Rxb4 45. Qxb4 Qxf6 46. Qb8+ Kg7 47. Qc7+ Kh6 48. g4 e5 49. Qc3 Qf4+ 50. Kg2 e4 51. Qc5 Qf3+ 52. Kh2 e3 53. Qe7 Qf2+ 54. Kh1 Qf1+ 55. Kh2 Qf4+ 56. Kh1 Qe4+ 57. Qxe4 dxe4 58. Kg2 Kg5 59. Kg3 Kf6 60. Kg2 Ke5 61. Kf1 Kf4 62. Kg2 e2 63. Kf2 e1Q+ 64. Kxe1 Kg3 65. Ke2 Kxh3 66. Ke3 Kxg4 0-1

[Event "SLO-chT (Women) 16th"]
[Site "Ljubljana"]
[Date "2006.07.03"]
[Round "1"]
[White "Krivec, Jana"]
[Black "Bukovec, Tina"]
[Result "1-0"]
[WhiteElo "2316"]
[BlackElo "1904"]
[PlyCount "121"]
[EventDate "2006.07.03"]
[EventType "team"]
[EventRounds "9"]
[EventCountry "SLO"]
[SourceTitle "EXT 2008"]
[Source "ChessBase"]
[SourceDate "2007.11.25"]
[SourceVersion "1"]
[SourceVersionDate "2007.11.25"]
[SourceQuality "1"]

1. e4 c5 2. Nc3 Nc6 3. Bb5 g6 4. Bxc6 dxc6 5. d3 Bg7 6. Be3 b6 7. Qd2 Nf6 8. Bh6 0-0 9. h4 e5 10. f3 Be6 11. Qg5 Nh5 12. Bxg7 Qxg5 13. hxg5 Nxg7 14. Nge2 Rad8 15. 0-0-0 Bc8 16. g3 Ne6 17. f4 exf4 18. gxf4 Nd4 19. Ng3 f6 20. e5 f5 21. Nce2 Be6 22. Rh6 Rfe8 23. Rdh1 Rd7 24. Nc3 Ree7 25. Nf1 Kf8 26. Ne3 b5 27. R1h2 Bg8 28. b3 Re8 29. Rf2 Red8 30. Rh1 Be6 31. Ncd1 Bg8 32. Nb2 Ne6 33. Ng2 Ke7 34. a4 Nd4 35. Ne1 a6 36. Nf3 Ne6 37. Rh4 Nd4 38. Nxd4 cxd4 39. Rh1 Ke6 40. Kd2 Kd5 41. axb5 cxb5 42. Ra1 Ra7 43. Ra5 Rc8 44. Nc4 Kc6 45. Nd6 Rb8 46. Rf1 Kb6 47. Rfa1 Rba8 48. b4 Bd5 49. c3 dxc3+ 50. Kxc3 Rc7+ 51. Kd4 Bb7 52. Nxb5 Rd7+ 53. Nd6 Rad8 54. Kc4 Rc7+ 55. Rc5 Rcd7 56. Raa5 Bc6 57. d4 Ba8 58. Ra1 Rb8 59. b5 axb5+ 60. Rxb5+ Kc7 61. Ra7+ 1-0

[Event "SLO-ch U18 Girls"]
[Site "Murska Sobota"]
[Date "2006.03.01"]
[Round "5"]
[White "Bukovec, Tina"]
[Black "Pavlic, Suzana"]
[Result "1-0"]
[WhiteElo "1849"]
[BlackElo "1647"]
[PlyCount "77"]
[EventDate "2006.02.26"]
[EventType "tourn"]
[EventRounds "5"]
[EventCountry "SLO"]
[SourceTitle "EXT 2009"]
[Source "ChessBase"]
[SourceDate "2008.11.26"]
[SourceVersion "1"]
[SourceVersionDate "2008.11.26"]
[SourceQuality "1"]

1. e4 c5 2. Nf3 d6 3. d4 cxd4 4. Nxd4 Nf6 5. Nc3 a6 6. Bc4 e6 7. Bb3 Nbd7 8. f4 Nc5 9. e5 dxe5 10. fxe5 Nfd7 11. Bf4 Nxb3 12. axb3 Qc7 13. Qe2 Bb4 14. Qe3 0-0 15. Qg3 Qc5 16. Rd1 Kh8 17. 0-0 b5 18. Ne4 Qb6 19. Kh1 Be7 20. Qh3 Nc5 21. Ng5 Bxg5 22. Bxg5 Bb7 23. Be7 Rg8 24. Rxf7 Be4 25. Bxc5 Qxc5 26. Nxe6 Qxc2 27. Rdf1 Rac8 28. Qg4 Bg6 29. R7f4 Bd3 30. Rg1 Qxb2 31. Ng5 Bg6 32. Qf5 Qc2 33. Qg4 Qxb3 34. e6 Rc7 35. Rgf1 Re7 36. Rf8 Qd3 37. Qf4 Qd4 38. Rxg8+ Kxg8 39. Qf8# 1-0

[Event "SLO-ch U18 Girls"]
[Site "Murska Sobota"]
[Date "2006.02.27"]
[Round "2"]
[White "Bilbija, Aleksandra"]
[Black "Bukovec, Tina"]
[Result "0-1"]
[WhiteElo "1803"]
[BlackElo "1849"]
[PlyCount "122"]
[EventDate "2006.02.26"]
[EventType "tourn"]
[EventRounds "5"]
[EventCountry "SLO"]
[SourceTitle "EXT 2009"]
[Source "ChessBase"]
[SourceDate "2008.11.26"]
[SourceVersion "1"]
[SourceVersionDate "2008.11.26"]
[SourceQuality "1"]

1. f4 d5 2. Nf3 g6 3. g3 Bg7 4. Bg2 c5 5. 0-0 Nf6 6. d3 0-0 7. Qe1 Nc6 8. e4 dxe4 9. dxe4 Nd4 10. Nxd4 cxd4 11. Qb4 a5 12. Qb3 Be6 13. Qd3 Qc7 14. Na3 Rfd8 15. Rd1 Qc5 16. Qb5 b6 17. Bd2 Bg4 18. Rdc1 Rac8 19. Qxc5 Rxc5 20. Kf2 e5 21. fxe5 Rxe5 22. Nc4 Nxe4+ 23. Bxe4 Rxe4 24. Re1 Rxe1 25. Rxe1 d3 26. cxd3 Bd4+ 27. Be3 b5 28. Bxd4 Rxd4 29. Ne5 Be6 30. a3 a4 31. Ke3 Rd6 32. Rc1 Kg7 33. Rc5 Rb6 34. d4 Kf6 35. h4 b4 36. axb4 Rxb4 37. Nd3 Rb3 38. Rc3 Rxc3 39. bxc3 a3 40. Nb4 a2 41. Nc2 Kf5 42. Kd3 Kg4 43. Na1 f5 44. c4 Kxg3 45. d5 Bd7 46. Kc2 f4 47. Kb2 f3 48. Nc2 f2 49. Ne3 Kf3 50. Nf1 Bh3 51. d6 Ke4 52. Kxa2 Kd4 53. Nd2 Kd3 54. Nf1 Kxc4 55. Kb2 Kc5 56. Kc3 Kxd6 57. Ng3 f1Q 58. Nxf1 Bxf1 59. Kd4 Ke6 60. Ke4 Kf6 61. Kf4 h6 0-1